| 000 | 00539nam a22001577a 4500 | ||
|---|---|---|---|
| 003 | OSt | ||
| 005 | 20150910141235.0 | ||
| 008 | 150910b xxu||||| |||| 00| 0 eng d | ||
| 040 | _cRUA | ||
| 082 | _aAGR រ័ត្ន 1995 B013 Or.1 | ||
| 100 |
_9239 _aរ័ត្ន សុវណ្ណនរ៉ា |
||
| 245 | _aការត្រួតពិនិត្យ និងវាយតំលៃគុណភាពជ័រកៅស៊ូគ្រាប់ | ||
| 260 |
_aPhnom Penh _bRUA _c1995 |
||
| 300 |
_a94p. _bill. _c29cm. |
||
| 942 |
_2ddc _cAGR |
||
| 999 |
_c224 _d224 |
||